000 00288nam a2200109Ia 4500
008 200302s9999 xx 000 0 und d
100 _aPhilipp Meuser and other
245 _aConstruction and design manual wayfinding and signage
260 _bDom Publishrs
260 _c2013
300 _a304
999 _c6505
_d6505